Human adjustment

Bibliographic Details
Main Author: Simons, Janet A.
Other Authors: Kalichman, Seth, Santrock, John W.
Format: Book
Published: Madison : Brown & Benchmark Publishers , 1994
Subjects:

MARC

LEADER 00000cam a2200000 7i4500
001 0000048245
005 20010824.0
020 |a 069717199X 
090 0 0 |a 155.24   |b SIM 
100 1 |a Simons, Janet A. 
245 1 0 |a Human adjustment   |c Janet A. Simons, Seth Kalichman and John W. Santrock 
260 |a Madison :   |b Brown & Benchmark Publishers ,   |c 1994 
300 |a 517p. :   |b ill. ;   |c 29cm. 
650 0 0 |a Adjustment (Psychology) 
700 1 |a Kalichman, Seth 
700 1 |a Santrock, John W. 
999 |a 00090119   |b BUKU   |c RUJUKAN   |e PERPUSTAKAAN KOMUNITI PETALING JAYA